| 000 | 00657nam a22001937a 4500 | ||
|---|---|---|---|
| 999 |
_c15510 _d15510 |
||
| 003 | AR-CdUCM | ||
| 008 | 190427b ||||| |||| 00| 0 spa d | ||
| 040 |
_aMUNICIPALIDAD PROVINCIAL DEL CUSCO _cBIBLIOTECA MUNICIPAL DEL CUSCO |
||
| 082 |
_a923.2 / _bE65 / 1910 |
||
| 100 |
_aEnseñat, Juan B. _934483 |
||
| 245 | _aEl emperador Guillermo II / | ||
| 260 |
_aBarcelona : _bMontaner y Simon, _c1910. |
||
| 300 |
_a368 páginas ; _bIlustraciones, _c24 cm. |
||
| 505 | _aContenido: El emperador Guillermo II -- La reina Victoria de Inglaterra ... | ||
| 650 |
_aHistoria _9136 |
||
| 650 |
_aEmperador _918364 |
||
| 942 |
_2ddc _cLIBROS |
||
| 945 |
_aacv _d2019-04-27 |
||